Sports Quiz

Random Sports or Tennis Quiz

WTA Finals Champions Quiz Stats

 Plays Quiz not verified by Sporcle

Challenge
Share
Tweet
Embed
Score 0/20 Timer 05:00
0 Plays Today
Titles Player Name % Correct
5Serena Williams
98%
1Venus Williams
97%
8Martina Navratilova
88.4%
5Steffi Graf
87.4%
2Martina Hingis
85.9%
1Maria Sharapova
84.3%
2Justine Henin
79.8%
1Agnieszka Radwanska
78.8%
3Kim Clijsters
77.8%
3Monica Seles
77.3%
Titles Player Name % Correct
4Chris Evert
74.2%
1Petra Kvitova
73.2%
1Lindsay Davenport
70.2%
1Dominika Cibulkova
63.1%
2Gabriela Sabatini
59.6%
1Amelie Mauresmo
59.6%
1Jana Novotna
38.4%
1Tracy Austin
34.8%
2Evonne Goolagong-Cawley
34.3%
1Sylvia Hanika
14.6%

You're not logged in!

Compare scores with friends on all Sporcle quizzes.
OR
Log In

You Might Also Like...

Show Comments

Extras

Top Quizzes Today


Score Distribution

Your Account Isn't Verified!

In order to create a playlist on Sporcle, you need to verify the email address you used during registration. Go to your Sporcle Settings to finish the process.

Report this User

Report this user for behavior that violates our Community Guidelines.

Details: